[Event "Oberliga Ost-A 1516"]
[Site "Germany"]
[Date "2015.09.20"]
[Round "1.4"]
[White "Duenzel, Jonas"]
[Black "Hutsch, Oliver"]
[Result "1-0"]
[WhiteElo "2039"]
[BlackElo "2172"]
[PlyCount "109"]
[EventDate "2015.09.20"]
[EventType "team-tourn"]
[EventRounds "11"]
[EventCountry "GER"]
[SourceTitle "EXT 2017"]
[Source "ChessBase"]
[SourceDate "2016.10.25"]
[SourceVersion "1"]
[SourceVersionDate "2016.10.25"]
[SourceQuality "1"]
[WhiteTeam "Bannewitz"]
[BlackTeam "Dresden Gruen Weiss"]
[WhiteTeamCountry "GER"]
[BlackTeamCountry "GER"]

1. e4 c6 2. d4 d5 3. Nc3 dxe4 4. Nxe4 Bf5 5. Ng3 Bg6 6. Nf3 Nd7 7. Nh4 e6 8. Nxg6 hxg6 9. Qf3 Ngf6 10. Bd3 Bd6 11. Bf4 Bxf4 12. Qxf4 Qa5+ 13. c3 Nd5 14. Qd6 0-0-0 15. 0-0 N7f6 16. Qe5 Ng4 17. Qxg7 Qc7 18. Be2 Rdg8 19. Qxg8+ Rxg8 20. Bxg4 f5 21. Bf3 Nf4 22. Rfe1 g5 23. Re5 g4 24. Bd1 Qh7 25. Bb3 Rh8 26. Nf1 Nxg2 27. Bxe6+ Kb8 28. Kxg2 Qh3+ 29. Kh1 f4 30. Rg5 Rh4 31. Rxg4 Rxg4 32. Bxg4 Qxg4 33. Re1 Kc7 34. Nd2 b5 35. f3 Qh4 36. Re2 a5 37. a3 Qh7 38. Ne4 Qh3 39. Rf2 Kb6 40. Kg1 b4 41. axb4 axb4 42. c4 b3 43. d5 cxd5 44. cxd5 Kc7 45. d6+ Kd7 46. Rf1 Qh8 47. Rd1 Qg8+ 48. Kh1 Qc4 49. Nf6+ Ke6 50. d7 Qe2 51. d8Q Qxf3+ 52. Kg1 Qe3+ 53. Kg2 Qe2+ 54. Kh3 Qf3+ 55. Kh4 1-0

[Event "GER-ch U18"]
[Site "Oberhof"]
[Date "2011.06.17"]
[Round "8"]
[White "Jaeger, Tobias"]
[Black "Duenzel, Jonas"]
[Result "1-0"]
[WhiteElo "2059"]
[BlackElo "2091"]
[PlyCount "49"]
[EventDate "2011.06.11"]
[EventType "swiss"]
[EventRounds "9"]
[EventCountry "GER"]
[SourceTitle "CBM 142 Extra"]
[Source "ChessBase"]
[SourceDate "2011.06.27"]
[SourceVersion "1"]
[SourceVersionDate "2011.06.27"]
[SourceQuality "1"]

1. d4 Nf6 2. c4 e6 3. Nf3 b6 4. Nc3 d5 5. Bg5 dxc4 6. Qa4+ c6 7. Qxc4 Be7 8. Qb3 0-0 9. e4 Bb7 10. Rd1 Nbd7 11. Be2 Rc8 12. e5 Ne8 13. h4 Nc7 14. Rh3 f5 15. exf6 Nxf6 16. Ne5 Ncd5 17. Nxd5 exd5 18. Bd3 c5 19. Bf5 cxd4 20. Be6+ Kh8 21. h5 Nxh5 22. Rxh5 Bb4+ 23. Qxb4 Qe8 24. Qxf8+ Qxf8 25. Ng6# 1-0

[Event "GER-ch U18"]
[Site "Oberhof"]
[Date "2011.06.16"]
[Round "7"]
[White "Duenzel, Jonas"]
[Black "Kuenstler, Christian"]
[Result "1/2-1/2"]
[WhiteElo "2091"]
[BlackElo "2060"]
[PlyCount "36"]
[EventDate "2011.06.11"]
[EventType "swiss"]
[EventRounds "9"]
[EventCountry "GER"]
[SourceTitle "CBM 142 Extra"]
[Source "ChessBase"]
[SourceDate "2011.06.27"]
[SourceVersion "1"]
[SourceVersionDate "2011.06.27"]
[SourceQuality "1"]

1. d4 d5 2. c4 c6 3. e3 Nf6 4. Nc3 e6 5. Nf3 Nbd7 6. Qb3 Bd6 7. Bd3 0-0 8. 0-0 h6 9. e4 dxe4 10. Nxe4 Nxe4 11. Bxe4 e5 12. Be3 exd4 13. Bxd4 Nc5 14. Bxc5 Bxc5 15. Rad1 Qb6 16. Qc2 Be6 17. Nh4 Be7 18. Nf5 Bxf5 1/2-1/2

[Event "GER-ch U18"]
[Site "Oberhof"]
[Date "2011.06.14"]
[Round "5"]
[White "Duenzel, Jonas"]
[Black "Gruber, Roland"]
[Result "1-0"]
[WhiteElo "2091"]
[BlackElo "1882"]
[PlyCount "63"]
[EventDate "2011.06.11"]
[EventType "swiss"]
[EventRounds "9"]
[EventCountry "GER"]
[SourceTitle "CBM 142 Extra"]
[Source "ChessBase"]
[SourceDate "2011.06.27"]
[SourceVersion "1"]
[SourceVersionDate "2011.06.27"]
[SourceQuality "1"]

1. d4 Nf6 2. c4 g6 3. Nc3 Bg7 4. e4 d6 5. f3 0-0 6. Be3 a6 7. Qd2 Nbd7 8. Bh6 c5 9. Bxg7 Kxg7 10. d5 Ne5 11. f4 Ned7 12. Nf3 Qc7 13. Bd3 e6 14. dxe6 fxe6 15. 0-0 b5 16. b3 b4 17. Ne2 Bb7 18. Ng3 Rae8 19. h4 d5 20. e5 Ng8 21. h5 Ne7 22. hxg6 hxg6 23. Ng5 Qc6 24. Rad1 Nf5 25. Nxf5+ gxf5 26. Be2 Nb6 27. Bf3 Rd8 28. Qf2 Qc8 29. Qg3 Rg8 30. Nxe6+ Kf7 31. Nxd8+ Qxd8 32. Qh3 1-0

[Event "GER-ch U18"]
[Site "Oberhof"]
[Date "2011.06.14"]
[Round "4"]
[White "Kartsev, Alexandr"]
[Black "Duenzel, Jonas"]
[Result "1-0"]
[WhiteElo "2184"]
[BlackElo "2091"]
[PlyCount "130"]
[EventDate "2011.06.11"]
[EventType "swiss"]
[EventRounds "9"]
[EventCountry "GER"]
[SourceTitle "CBM 142 Extra"]
[Source "ChessBase"]
[SourceDate "2011.06.27"]
[SourceVersion "1"]
[SourceVersionDate "2011.06.27"]
[SourceQuality "1"]

1. e4 c5 2. c3 d5 3. exd5 Qxd5 4. d4 Nf6 5. Nf3 e6 6. Na3 Qd8 7. Bg5 cxd4 8. Nxd4 a6 9. Bd3 Be7 10. 0-0 Bd7 11. Nc4 Nc6 12. Nxc6 Bxc6 13. Ne5 Qc7 14. Nxc6 Qxc6 15. c4 0-0 16. Rc1 Rfd8 17. Qe2 h6 18. Bh4 Rd4 19. Bg3 Rad8 20. Rfd1 Qc5 21. a3 Nh5 22. b4 Nxg3 23. hxg3 Qg5 24. Be4 Rd2 25. Qe1 b6 26. Rxd2 Qxd2 27. Qxd2 Rxd2 28. Bb7 Rd3 29. c5 bxc5 30. bxc5 Rd7 31. c6 Rc7 32. Rc3 a5 33. Kf1 Kf8 34. Ke2 Bd6 35. Kd3 Ke8 36. Kc4 Re7 37. Kb5 Bc7 38. Bc8 e5 39. Bd7+ Kd8 40. Rd3 e4 41. Rd1 e3 42. fxe3 Rxe3 43. Bh3+ Ke8 44. Rd7 Re7 45. Rd3 f5 46. Ka6 g6 47. g4 f4 48. g5 hxg5 49. Bd7+ Kd8 50. Bg4+ Ke8 51. Bd7+ Kd8 52. Bg4+ Ke8 53. Kb7 Be5+ 54. Bd7+ Kd8 55. Rd5 Bc7 56. a4 Re5 57. Rd4 Re7 58. Rd5 Re5 59. Rd1 Re7 60. Rh1 Be5 61. Re1 g4 62. Rxe5 Rxe5 63. c7+ Kxd7 64. c8Q+ Ke7 65. Qxg4 g5 1-0

[Event "GER-ch U18"]
[Site "Oberhof"]
[Date "2011.06.12"]
[Round "2"]
[White "Bluma, Marcel"]
[Black "Duenzel, Jonas"]
[Result "1/2-1/2"]
[WhiteElo "2099"]
[BlackElo "2091"]
[PlyCount "187"]
[EventDate "2011.06.11"]
[EventType "swiss"]
[EventRounds "9"]
[EventCountry "GER"]
[SourceTitle "CBM 142 Extra"]
[Source "ChessBase"]
[SourceDate "2011.06.27"]
[SourceVersion "1"]
[SourceVersionDate "2011.06.27"]
[SourceQuality "1"]

1. e4 c5 2. Nf3 d6 3. d4 cxd4 4. Nxd4 Nf6 5. Nc3 a6 6. Be2 e5 7. Nb3 Be7 8. Bg5 Nbd7 9. a4 b6 10. 0-0 Bb7 11. Nd2 0-0 12. Bc4 Rc8 13. Bb3 Nc5 14. Bxf6 Bxf6 15. Nc4 Bxe4 16. Nxd6 Nxb3 17. cxb3 Bc2 18. Qxc2 Qxd6 19. Qe2 a5 20. Qf3 Qe6 21. Nd5 Rc2 22. Rac1 Rxb2 23. Rc6 Qxc6 24. Ne7+ Bxe7 25. Qxc6 Bc5 26. Qe4 Bd4 27. h4 Re8 28. Qd3 Kf8 29. Kh1 Rxf2 30. Rxf2 Bxf2 31. Qf5 Bxh4 32. Qxh7 Bf6 33. Qe4 g6 34. g4 Re6 35. b4 axb4 36. Qxb4+ Be7 37. Qe4 Bc5 38. a5 bxa5 39. Qa8+ Kg7 40. Qxa5 Bd4 41. Qd5 Rf6 42. Kg2 Re6 43. Qe4 Bc3 44. Qe3 Bb4 45. Qe4 Be7 46. Kh3 Bg5 47. Qd5 Bf4 48. Qe4 g5 49. Kg2 Rd6 50. Qc4 Rd4 51. Qc5 Re4 52. Kf3 Re3+ 53. Kg2 Rg3+ 54. Kh1 Rd3 55. Qb5 Rd2 56. Qc4 Rd4 57. Qc5 Rd8 58. Kg2 e4 59. Qc4 e3 60. Qc3+ Kg6 61. Kf3 Re8 62. Qc6+ Re6 63. Qc2+ Kg7 64. Qc3+ Re5 65. Ke2 Kg6 66. Qd3+ Kg7 67. Qc3 Kf8 68. Qc8+ Ke7 69. Qc7+ Ke6 70. Qc6+ Ke7 71. Qc7+ Kf8 72. Qc8+ Re8 73. Qc5+ Kg8 74. Qc6 Rd8 75. Kf3 Rd2 76. Qa8+ Kh7 77. Qa7 Kg6 78. Qa6+ f6 79. Qc8 Kf7 80. Qb7+ Ke6 81. Qc6+ Ke7 82. Qb7+ Kd6 83. Qb6+ Ke5 84. Qc5+ Rd5 85. Qc3+ Ke6 86. Qc6+ Rd6 87. Qe8+ Kd5 88. Qb5+ Kd4 89. Qb4+ Kd3 90. Qb3+ Kd2 91. Qb2+ Kd3 92. Qb3+ Kd4 93. Qb4+ Kd5 94. Qb5+ 1/2-1/2

[Event "Siebenlehn op 11th"]
[Site "Siebenlehn"]
[Date "2010.12.30"]
[Round "7"]
[White "Melamed, Tatiana"]
[Black "Duenzel, Jonas"]
[Result "1-0"]
[WhiteElo "2353"]
[BlackElo "2016"]
[PlyCount "87"]
[EventDate "2010.12.27"]
[EventType "swiss"]
[EventRounds "7"]
[EventCountry "GER"]
[SourceTitle "EXT 2012"]
[Source "ChessBase"]
[SourceDate "2011.11.24"]
[SourceVersion "1"]
[SourceVersionDate "2011.11.24"]
[SourceQuality "1"]

1. e4 c5 2. Nf3 e6 3. d4 cxd4 4. Nxd4 a6 5. Bd3 Bc5 6. Nb3 Ba7 7. Nc3 Nc6 8. Qe2 Nge7 9. Be3 Bxe3 10. Qxe3 b5 11. 0-0-0 0-0 12. f4 Qc7 13. e5 Nb4 14. Bxh7+ Kxh7 15. Qe4+ Kg8 16. Qxb4 Nf5 17. Qc5 Qxc5 18. Nxc5 Rd8 19. Rd3 d5 20. exd6 Rxd6 21. Rhd1 Rxd3 22. Rxd3 f6 23. g4 Nh6 24. h3 Nf7 25. b4 Kf8 26. a4 bxa4 27. N3xa4 Ra7 28. c3 Ke7 29. Nb3 e5 30. Na5 Nd8 31. fxe5 fxe5 32. Nc5 Ra8 33. Rd5 Nf7 34. Kd2 Be6 35. Rd3 Rd8 36. c4 Rd6 37. Rxd6 Kxd6 38. Nab7+ Ke7 39. Nxe6 Kxe6 40. Nc5+ Kd6 41. Ke3 Ng5 42. h4 Nh7 43. g5 Nf8 44. Ke4 1-0

[Event "Siebenlehn op 11th"]
[Site "Siebenlehn"]
[Date "2010.12.28"]
[Round "3"]
[White "Duenzel, Jonas"]
[Black "Muehlberg, Frank"]
[Result "1-0"]
[WhiteElo "2016"]
[BlackElo "2017"]
[PlyCount "41"]
[EventDate "2010.12.27"]
[EventType "swiss"]
[EventRounds "7"]
[EventCountry "GER"]
[SourceTitle "EXT 2012"]
[Source "ChessBase"]
[SourceDate "2011.11.24"]
[SourceVersion "1"]
[SourceVersionDate "2011.11.24"]
[SourceQuality "1"]

1. d4 Nf6 2. c4 g6 3. Nc3 d5 4. Nf3 Bg7 5. Bf4 c6 6. e3 0-0 7. Bd3 Nbd7 8. h3 dxc4 9. Bxc4 Nb6 10. Bb3 Nbd5 11. Bh2 Nxc3 12. bxc3 Qa5 13. Rc1 Ne4 14. 0-0 g5 15. Ne5 Bf5 16. f3 Nf6 17. e4 Bg6 18. Qd2 e6 19. Qxg5 Rad8 20. Nxf7 Qxg5 21. Nxg5 1-0

[Event "Siebenlehn op 11th"]
[Site "Siebenlehn"]
[Date "2010.12.28"]
[Round "4"]
[White "Farago, Ivan"]
[Black "Duenzel, Jonas"]
[Result "1-0"]
[WhiteElo "2512"]
[BlackElo "2016"]
[PlyCount "47"]
[EventDate "2010.12.27"]
[EventType "swiss"]
[EventRounds "7"]
[EventCountry "GER"]
[SourceTitle "EXT 2012"]
[Source "ChessBase"]
[SourceDate "2011.11.24"]
[SourceVersion "1"]
[SourceVersionDate "2011.11.24"]
[SourceQuality "1"]

1. d4 Nf6 2. c4 e6 3. Nf3 b6 4. g3 Ba6 5. Qa4 Be7 6. Bg2 c6 7. Nc3 0-0 8. 0-0 d5 9. Ne5 Bb7 10. Bf4 dxc4 11. Qxc4 Nd5 12. Rfd1 Ba6 13. Qb3 Nxf4 14. gxf4 Bb7 15. Rac1 Kh8 16. Nb1 Qe8 17. Qc2 Bd6 18. e3 Qe7 19. Nd2 g5 20. fxg5 Bxe5 21. dxe5 Qxg5 22. f4 Qe7 23. Ne4 c5 24. Nf6 1-0

[Event "Wch U16"]
[Site "Porto Carras"]
[Date "2010.10.20"]
[Round "1"]
[White "Duenzel, Jonas"]
[Black "Bok, Benjamin"]
[Result "1/2-1/2"]
[WhiteElo "2117"]
[BlackElo "2453"]
[PlyCount "105"]
[EventDate "2010.10.20"]
[EventType "swiss"]
[EventRounds "11"]
[EventCountry "GRE"]
[SourceTitle "EXT 2011"]
[Source "ChessBase"]
[SourceDate "2010.11.26"]
[SourceVersion "1"]
[SourceVersionDate "2010.11.26"]
[SourceQuality "1"]

1. e4 e5 2. Nf3 Nc6 3. Bb5 a6 4. Ba4 Nf6 5. d3 b5 6. Bb3 Be7 7. 0-0 0-0 8. c3 d6 9. Re1 Na5 10. Bc2 c5 11. Nbd2 Re8 12. Nf1 Nc6 13. Ng3 h6 14. h3 Bf8 15. d4 cxd4 16. cxd4 Qc7 17. Be3 Bd7 18. Rc1 Qb7 19. d5 Ne7 20. Nh2 Ng6 21. Ng4 Be7 22. Qf3 Nxg4 23. hxg4 Bg5 24. Bxg5 hxg5 25. Nf5 Qb8 26. Qh3 Nf8 27. g3 Bxf5 28. gxf5 Nd7 29. Qh5 Qd8 30. Kg2 Qf6 31. Bb1 Kf8 32. Rc7 Ke7 33. a4 bxa4 34. Rec1 Reb8 35. Qd1 Rb4 36. Qc2 Rd8 37. Qc6 g6 38. Bc2 gxf5 39. Bxa4 Rxa4 40. Qxa4 f4 41. Qd1 Qg6 42. f3 fxg3 43. Qh1 Qf6 44. Qh3 Qf4 45. Qxg3 Qd2+ 46. Qf2 Qf4 47. Rc8 Rxc8 48. Rxc8 g4 49. Rg8 gxf3+ 50. Qxf3 Qd2+ 51. Qf2 Qd3 52. Qf3 Qd2+ 53. Qf2 1/2-1/2

[Event "CZE-chT2C 1011"]
[Site "Czech Republic"]
[Date "2010.10.17"]
[Round "1.7"]
[White "Groh, Jiri"]
[Black "Duenzel, Jonas"]
[Result "1-0"]
[WhiteElo "2001"]
[BlackElo "2117"]
[PlyCount "49"]
[EventDate "2010.10.17"]
[EventType "team-tourn"]
[EventRounds "11"]
[EventCountry "CZE"]
[SourceTitle "EXT 2012"]
[Source "ChessBase"]
[SourceDate "2011.11.24"]
[SourceVersion "1"]
[SourceVersionDate "2011.11.24"]
[SourceQuality "1"]
[WhiteTeam "Liberec"]
[BlackTeam "Turnov Zikuda II"]
[WhiteTeamCountry "CZE"]
[BlackTeamCountry "CZE"]

1. d4 Nf6 2. c4 e6 3. Nc3 Bb4 4. Nf3 b6 5. a3 Bxc3+ 6. bxc3 d6 7. e3 0-0 8. Bd3 c5 9. 0-0 Nc6 10. e4 e5 11. d5 Ne7 12. Nh4 Qd7 13. h3 Ba6 14. a4 Rab8 15. f4 exf4 16. Bxf4 Qc7 17. e5 Ne8 18. exd6 Nxd6 19. Qh5 g6 20. Qe5 Rfd8 21. Rae1 Nxd5 22. Qxd5 Qb7 23. Qg5 Rbc8 24. Re7 Rc7 25. Rfe1 1-0

[Event "GER-ch U16"]
[Site "Oberhof"]
[Date "2010.05.25"]
[Round "4"]
[White "Duenzel, Jonas"]
[Black "Mueller, Tobias"]
[Result "1-0"]
[WhiteElo "2037"]
[BlackElo "1998"]
[PlyCount "113"]
[EventDate "2010.05.22"]
[EventType "swiss"]
[EventRounds "9"]
[EventCountry "GER"]
[SourceTitle "CBM 136 Extra"]
[Source "ChessBase"]
[SourceDate "2010.07.02"]
[SourceVersion "2"]
[SourceVersionDate "2010.07.15"]
[SourceQuality "1"]

1. d4 d5 2. c4 e6 3. Nf3 Nf6 4. g3 c5 5. cxd5 exd5 6. Bg2 Nc6 7. Nc3 Be7 8. dxc5 Bxc5 9. 0-0 0-0 10. Bg5 d4 11. Bxf6 Qxf6 12. Ne4 Qe7 13. Nxc5 Qxc5 14. Rc1 Qb6 15. Qd2 Be6 16. b3 Rfd8 17. Rfd1 Rd7 18. Ne1 Rad8 19. Nd3 Rd6 20. Rc5 g6 21. Qg5 f6 22. Qc1 Nb4 23. Nxb4 Qxb4 24. Be4 R6d7 25. Qc2 b6 26. Rc6 Qe7 27. Qd3 Bd5 28. Bxd5+ Rxd5 29. Qc4 Kf8 30. Rc7 R5d7 31. Rxd7 Qxd7 32. Rd3 Qe7 33. Qc2 Kg7 34. Qd2 Re8 35. Rxd4 Qxe2 36. Qxe2 Rxe2 37. Rd7+ Kh6 38. Rxa7 Kg5 39. Rxh7 Rxa2 40. Rb7 Ra6 41. b4 Kg4 42. Kg2 f5 43. b5 Ra2 44. Rxb6 g5 45. Rc6 f4 46. Rf6 fxg3 47. hxg3 Rb2 48. b6 Kh5 49. Kf3 g4+ 50. Ke4 Kg5 51. Rc6 Rxf2 52. Rc5+ Kf6 53. Rb5 Re2+ 54. Kd5 Rd2+ 55. Kc6 Rc2+ 56. Rc5 Rb2 57. Kc7 1-0

[Event "Berlin Lichtenrade op 05th"]
[Site "Berlin"]
[Date "2009.10.23"]
[Round "7"]
[White "Duenzel, Jonas"]
[Black "Cusnariov, Nikolai"]
[Result "0-1"]
[WhiteElo "1983"]
[BlackElo "2156"]
[PlyCount "96"]
[EventDate "2009.10.11"]
[EventType "swiss"]
[EventRounds "9"]
[EventCountry "GER"]
[SourceTitle "EXT 2010"]
[Source "ChessBase"]
[SourceDate "2010.11.25"]
[SourceVersion "1"]
[SourceVersionDate "2010.11.25"]
[SourceQuality "1"]

1. e4 c5 2. Nf3 d6 3. d4 cxd4 4. Nxd4 Nf6 5. Nc3 a6 6. Be3 e6 7. Be2 Be7 8. f4 Qc7 9. 0-0 Nbd7 10. Bf3 Nb6 11. Qe1 Nc4 12. Bc1 Qc5 13. Qf2 Bd7 14. b3 Na5 15. Bb2 Nc6 16. Nxc6 Bxc6 17. Qxc5 dxc5 18. e5 Nd5 19. Nxd5 Bxd5 20. Bxd5 exd5 21. Rf3 0-0-0 22. Rd1 d4 23. Kf1 f6 24. exf6 Bxf6 25. Ba3 b6 26. Ke2 Kc7 27. Kd3 Kc6 28. b4 Kd5 29. bxc5 bxc5 30. Re1 Rhe8 31. Rff1 Rb8 32. Bc1 c4+ 33. Kd2 Rxe1 34. Rxe1 Rb1 35. g4 h6 36. a3 Ra1 37. Re2 g5 38. Re1 gxf4 39. Ke2 Ra2 40. Kd1 Ra1 41. Ke2 Ra2 42. Kd1 Bg5 43. Rh1 f3 44. Bxg5 hxg5 45. Kd2 d3 46. Rf1 Rxc2+ 47. Kd1 f2 48. h4 gxh4 0-1

[Event "Dresden ZMD op"]
[Site "Dresden"]
[Date "2009.07.29"]
[Round "5"]
[White "Riegler, Dieter"]
[Black "Duenzel, Jonas"]
[Result "1/2-1/2"]
[WhiteElo "2142"]
[BlackElo "1971"]
[PlyCount "47"]
[EventDate "2009.07.25"]
[EventType "swiss"]
[EventRounds "9"]
[EventCountry "GER"]
[SourceTitle "CBM 131 Extra"]
[Source "ChessBase"]
[SourceDate "2009.09.03"]
[SourceVersion "2"]
[SourceVersionDate "2009.09.16"]
[SourceQuality "1"]

1. d4 Nf6 2. c4 e6 3. Nc3 Bb4 4. Qc2 d5 5. a3 Be7 6. cxd5 exd5 7. Bg5 0-0 8. e3 Be6 9. Bd3 h6 10. Bh4 Nbd7 11. Nge2 Nh5 12. Bxe7 Qxe7 13. 0-0 f5 14. Rae1 c6 15. f3 Qd6 16. Qd2 Ndf6 17. Bb1 b5 18. Nd1 Nd7 19. Nf2 Nb6 20. Nd3 Nc4 21. Qc1 Bf7 22. Nc5 Rae8 23. Nc3 f4 24. exf4 1/2-1/2

[Event "GER-ch U16"]
[Site "Willingen"]
[Date "2009.06.06"]
[Round "9"]
[White "Marx, Joschka"]
[Black "Duenzel, Jonas"]
[Result "1-0"]
[WhiteElo "2014"]
[BlackElo "1980"]
[PlyCount "117"]
[EventDate "2009.05.30"]
[EventType "swiss"]
[EventRounds "9"]
[EventCountry "GER"]
[SourceTitle "CBM 130 Extra"]
[Source "ChessBase"]
[SourceDate "2009.07.02"]
[SourceVersion "2"]
[SourceVersionDate "2009.07.15"]
[SourceQuality "1"]

1. e4 c5 2. Nf3 d6 3. b3 Nc6 4. Bb5 Bd7 5. Bb2 a6 6. Bxc6 Bxc6 7. d3 e6 8. 0-0 Nf6 9. Nbd2 Be7 10. e5 dxe5 11. Nxe5 Qc7 12. a4 0-0 13. a5 Bd5 14. Ndc4 Rad8 15. Qe2 Bxc4 16. bxc4 Nd7 17. Nxd7 Qxd7 18. Qg4 f6 19. f4 Rf7 20. Rae1 f5 21. Qe2 Bf6 22. Be5 Rc8 23. Rb1 Rc6 24. Rb3 Bxe5 25. Qxe5 Qc7 26. Qxc7 Rcxc7 27. Rb6 Rfe7 28. Re1 Kf7 29. Re5 Kf6 30. Kf2 Kf7 31. h3 Re8 32. g4 g6 33. Ke3 Ree7 34. g5 Re8 35. Kd2 Ree7 36. Kc3 Re8 37. Kb3 Ree7 38. Rd6 Re8 39. c3 Ree7 40. d4 cxd4 41. cxd4 Rcd7 42. Rxd7 Rxd7 43. Kc3 Rc7 44. Re2 Rc6 45. Kb4 Rd6 46. d5 exd5 47. Kc5 Rc6+ 48. Kxd5 Rc8 49. Re6 Rc7 50. Rd6 Ke7 51. c5 Rd7 52. h4 Rc7 53. c6 Rxc6 54. Rxc6 bxc6+ 55. Kxc6 Ke6 56. Kb6 Kd6 57. Kxa6 Kc6 58. Ka7 Kc7 59. a6 1-0

[Event "GER-ch U16"]
[Site "Willingen"]
[Date "2009.06.03"]
[Round "6"]
[White "Duenzel, Jonas"]
[Black "Osmanodja, Filiz"]
[Result "1-0"]
[WhiteElo "1980"]
[BlackElo "1963"]
[PlyCount "99"]
[EventDate "2009.05.30"]
[EventType "swiss"]
[EventRounds "9"]
[EventCountry "GER"]
[SourceTitle "CBM 130 Extra"]
[Source "ChessBase"]
[SourceDate "2009.07.02"]
[SourceVersion "2"]
[SourceVersionDate "2009.07.15"]
[SourceQuality "1"]

1. e4 c5 2. Nc3 Nc6 3. Nge2 g6 4. d4 cxd4 5. Nxd4 Bg7 6. Be3 Nf6 7. Bc4 d6 8. f3 0-0 9. Qd2 Bd7 10. 0-0-0 Rc8 11. Bb3 Ne5 12. Kb1 Re8 13. h4 h5 14. Bh6 Bh8 15. Bg5 Nc4 16. Qe2 Qc7 17. Bxf6 Bxf6 18. Nd5 Qc5 19. Nxf6+ exf6 20. Bxc4 Qxc4 21. Qxc4 Rxc4 22. Rd2 Re5 23. b3 Rcc5 24. c4 b5 25. Nxb5 Bxb5 26. cxb5 d5 27. exd5 Rcxd5 28. Rxd5 Rxd5 29. a4 Rd2 30. Rc1 Rd7 31. Rc6 Kg7 32. b6 axb6 33. Rxb6 g5 34. a5 Rd1+ 35. Kc2 Rg1 36. Rd6 Rxg2+ 37. Rd2 Rg1 38. Kb2 gxh4 39. Rh2 Kh6 40. Rxh4 Rg8 41. f4 Kg6 42. b4 Ra8 43. Kb3 Kf5 44. Ka4 Ke4 45. Kb5 f5 46. a6 Kd5 47. Rxh5 Rb8+ 48. Ka5 Rg8 49. Rxf5+ Kc6 50. b5+ 1-0

[Event "GER-ch U16"]
[Site "Willingen"]
[Date "2009.06.02"]
[Round "4"]
[White "Duenzel, Jonas"]
[Black "Meiser, Michael"]
[Result "1/2-1/2"]
[WhiteElo "1980"]
[BlackElo "1792"]
[PlyCount "39"]
[EventDate "2009.05.30"]
[EventType "swiss"]
[EventRounds "9"]
[EventCountry "GER"]
[SourceTitle "CBM 130 Extra"]
[Source "ChessBase"]
[SourceDate "2009.07.02"]
[SourceVersion "2"]
[SourceVersionDate "2009.07.15"]
[SourceQuality "1"]

1. e4 c5 2. Nf3 Nc6 3. d4 cxd4 4. Nxd4 g6 5. Nc3 Bg7 6. Be3 Nf6 7. Bc4 0-0 8. f3 Qb6 9. Bb3 Nxe4 10. fxe4 Bxd4 11. Nd5 Qa5+ 12. c3 Bxe3 13. Nxe3 d6 14. Qd2 Bd7 15. h4 h5 16. 0-0-0 Ne5 17. Rdg1 Kg7 18. Rf1 Bc6 19. Nf5+ gxf5 20. Qg5+ 1/2-1/2

[Event "GER-ch U16"]
[Site "Willingen"]
[Date "2009.06.01"]
[Round "3"]
[White "Duenzel, Jonas"]
[Black "Maerz, Julian"]
[Result "1/2-1/2"]
[WhiteElo "1980"]
[BlackElo "1992"]
[PlyCount "78"]
[EventDate "2009.05.30"]
[EventType "swiss"]
[EventRounds "9"]
[EventCountry "GER"]
[SourceTitle "CBM 130 Extra"]
[Source "ChessBase"]
[SourceDate "2009.07.02"]
[SourceVersion "2"]
[SourceVersionDate "2009.07.15"]
[SourceQuality "1"]

1. e4 c5 2. Nf3 Nc6 3. d4 cxd4 4. Nxd4 d5 5. Nxc6 bxc6 6. exd5 Qxd5 7. Qxd5 cxd5 8. Nc3 Nf6 9. Bg5 e6 10. 0-0-0 Be7 11. Bd3 Bd7 12. Rhe1 Ne4 13. Nxe4 dxe4 14. Bxe7 exd3 15. Bb4 dxc2 16. Kxc2 Bc6 17. f3 Rd8 18. Rxd8+ Kxd8 19. Bc3 Kd7 20. Re5 f6 21. Ra5 Ra8 22. b4 a6 23. a4 e5 24. Kd3 Bb7 25. b5 axb5 26. Rxa8 Bxa8 27. axb5 Bd5 28. Bd2 g6 29. Be3 f5 30. Kc3 h5 31. h4 Kc7 32. Bc5 Be6 33. Kb4 Bd5 34. Bf8 e4 35. fxe4 Bxe4 36. g3 Kb7 37. Kc5 Bd3 38. b6 Bb1 39. Bd6 f4 1/2-1/2

[Event "GER-ch U16"]
[Site "Willingen"]
[Date "2009.05.30"]
[Round "1"]
[White "Kotainy, Jens"]
[Black "Duenzel, Jonas"]
[Result "1-0"]
[WhiteElo "2170"]
[BlackElo "1980"]
[PlyCount "43"]
[EventDate "2009.05.30"]
[EventType "swiss"]
[EventRounds "9"]
[EventCountry "GER"]
[SourceTitle "CBM 130 Extra"]
[Source "ChessBase"]
[SourceDate "2009.07.02"]
[SourceVersion "2"]
[SourceVersionDate "2009.07.15"]
[SourceQuality "1"]

1. e4 c5 2. Nc3 Nc6 3. f4 g6 4. Nf3 Bg7 5. a3 d6 6. Bc4 e6 7. 0-0 Nge7 8. Qe1 0-0 9. d3 a6 10. f5 exf5 11. Qh4 h5 12. Bg5 Qd7 13. Rae1 Ra7 14. Nd5 Nxd5 15. Bxd5 fxe4 16. Rxe4 b5 17. Bf6 Rc7 18. g4 Ne5 19. Nxe5 dxe5 20. Bxg7 Kxg7 21. Qf6+ Kh6 22. Rf5 1-0

[Event "Sachsen-ch U16"]
[Site "Sebnitz"]
[Date "2009.04.18"]
[Round "7"]
[White "Moehn, Hans"]
[Black "Duenzel, Jonas"]
[Result "1-0"]
[WhiteElo "1932"]
[BlackElo "1956"]
[PlyCount "52"]
[EventDate "2009.04.14"]
[EventType "swiss"]
[EventRounds "7"]
[EventCountry "GER"]
[SourceTitle "EXT 2010"]
[Source "ChessBase"]
[SourceDate "2010.11.25"]
[SourceVersion "1"]
[SourceVersionDate "2010.11.25"]
[SourceQuality "1"]

1. d4 Nf6 2. c4 e6 3. Nf3 b6 4. a3 Bb7 5. Nc3 Be7 6. d5 0-0 7. e4 d6 8. Be2 c6 9. dxc6 Bxc6 10. Qc2 Nbd7 11. 0-0 a6 12. Nd4 Bb7 13. Be3 Qc7 14. f3 d5 15. cxd5 exd5 16. exd5 Nxd5 17. Nxd5 Qe5 18. Nxe7+ Qxe7 19. Bf2 Rac8 20. Qf5 Rc5 21. Qf4 Qf6 22. Qxf6 Nxf6 23. Rac1 Re5 24. Rfe1 h6 25. Bf1 Rd5 26. Rc7 Rd7 1-0

[Event "Sachsen-ch U16"]
[Site "Sebnitz"]
[Date "2009.04.17"]
[Round "5"]
[White "Duenzel, Jonas"]
[Black "Mueller, Richard"]
[Result "1/2-1/2"]
[WhiteElo "1956"]
[BlackElo "1830"]
[PlyCount "23"]
[EventDate "2009.04.14"]
[EventType "swiss"]
[EventRounds "7"]
[EventCountry "GER"]
[SourceTitle "EXT 2010"]
[Source "ChessBase"]
[SourceDate "2010.11.25"]
[SourceVersion "1"]
[SourceVersionDate "2010.11.25"]
[SourceQuality "1"]

1. e4 c5 2. Nf3 e6 3. d4 cxd4 4. Nxd4 Nf6 5. Nc3 Bb4 6. e5 Nd5 7. Bd2 Nxc3 8. bxc3 Be7 9. Qg4 0-0 10. Bh6 g6 11. Bxf8 Bxf8 12. Qg3 1/2-1/2